LEADER 01047nam--2200361---450- 001 990002141020203316 005 20090401122549.0 035 $a000214102 035 $aUSA01000214102 035 $a(ALEPH)000214102USA01 035 $a000214102 100 $a20041104d1970----km-y0itay0103----ba 101 0 $aita 102 $aIT 105 $a||||||||001yy 200 1 $aCongressi della CGIL 210 $aRoma$cEditrice Sindacale Italiana$d1970 215 $a8 v.$d22 cm 410 0$12001 454 1$12001 461 1$1001-------$12001 676 $a331.3 710 02$aConfederazione generale italiana del lavoro$0293070 801 0$aIT$bsalbc$gISBD 912 $a990002141020203316 951 $a331.3 CON 1/1 (ISE III 34/I)$b19857 E.C.$cISE III$d00187560 951 $a331.3 CON 1/8.2 (ISE III 34/VIII 2)$b19864 E.C.$cISE III$d00187559 959 $aBK 969 $aECO 979 $aSIAV3$b10$c20041104$lUSA01$h1403 979 $aRSIAV2$b90$c20090401$lUSA01$h1225 996 $aCongressi della CGIL$91039625 997 $aUNISA LEADER 01264nam 2200397 450 001 9910808884103321 005 20230809224951.0 010 $a92-0-138019-4 035 $a(CKB)3790000000535196 035 $a(MiAaPQ)EBC5123045 035 $a(EXLCZ)993790000000535196 100 $a20171214h20172017 uy 0 101 0 $aeng 135 $aurcnu|||||||| 181 $2rdacontent 182 $2rdamedia 183 $2rdacarrier 200 10$aManagement of large volumes of waste arising in a nuclear or radiological emergency /$fIAEA 210 1$aVienna, Austria :$cInternational Atomic Energy Agency, c2017,$d2017. 210 4$dİ2017 215 $a1 online resource (105 pages) $cillustrations 225 1 $aIAEA TECDOC Series,$x1011-4289 ;$vNumber 1826 311 $a92-0-107417-4 410 0$aIAEA-TECDOC ;$vNumber 1826. 606 $aNuclear accidents 606 $aRadioactive waste management 615 0$aNuclear accidents. 615 0$aRadioactive waste management. 676 $a621.4835 801 0$bMiAaPQ 801 1$bMiAaPQ 801 2$bMiAaPQ 906 $aBOOK 912 $a9910808884103321 996 $aManagement of large volumes of waste arising in a nuclear or radiological emergency$94024255 997 $aUNINA